Statistiques concernant Le mot "enfant(s)" dans le titre de films

Cliquez ici pour prendre le quiz!

Statistiques générales

  • Ce quiz a été pris 187 fois
  • Le résultat moyen est 8 sur 24

Statistiques - réponses

TitreMot% Correct
La cité des enfants ...perdus
85%
Les enfants du p.....paradis
68%
Le .... homme et l'enfantvieil
65%
.... d'un enfant gâtéitinéraire
62%
Les enfants du m....marais
56%
Au .... les enfantsrevoir
52%
Faut pas prendre les enfants du bon dieu pour des ......sauvagescanards
50%
La ....-enfantfemme
39%
L'enfant d'en ....haut
35%
L'enfant s...sauvage
34%
Miss Peregrine et les enfants ....particuliers
32%
L'enfant l...lion
28%
Les enfants t....terribles
26%
... d'enfantsjeux
25%
Les enfants du capitaine ....Grant
20%
Le .... et l'enfantrenard
20%
...., enfant roiLouis
17%
Le .... d'enfantsvoleur
15%
Les enfants du s....siècle
10%
....., l'enfance d'un chefHimalaya
6%
L'... et l'enfantaigle
3%
Un enfant ...attend
1%
Les enfants i....invisibles
1%
L'enfant m...miroir
1%

Distribution des résultats

Percentile par nombre de réponses

% des personnes avec chaque résultat

Votre développement - résultats

Vous n’avez pas pris ce quiz